| 000 | 00351nam a2200133Ia 4500 | ||
|---|---|---|---|
| 005 | 20260328104313.0 | ||
| 008 | 260328s9999||||xx |||||||||||||| ||und|| | ||
| 100 | _aPitts, Alan | ||
| 245 | 0 |
_aWhat Life was Like among samurai and shoguns Japan AD 1000-1700 / _cAlan Pitts |
|
| 260 | _bTime Life | ||
| 300 | _a144 p. | ||
| 650 | _aJAPON | ||
| 942 | _cREF | ||
| 999 |
_c11048 _d11048 |
||